Orthodox Christianity Quiz - Statistics

General Stats
  • This quiz has been taken 186 times
  • The average score is 7 of 21
Answer Stats
Hint Answer % Correct
Eastern "Popes" Patriarchs
64%
The Body and Blood of Christ Communion
58%
Name for the Virgin Mary (Greek) Theotokos
58%
First "God-Crowned" Emperor Constantine
57%
Cathedral of Constantinople (now a museum) Hagia Sophia
56%
1054 Break Great Schism
53%
Holy Bones/Objects Relics
42%
Main table Altar
39%
4th Century Heretic from Alexandria Arius
32%
"Image-Breakers" Iconoclasts
32%
His Mother (above) Helena
30%
Orthodox "Rosary" Prayer Rope
28%
Builder of the Church of Holy Wisdom (above) Justinian
27%
Priests' Clothing Vestments
27%
Golden-Mouthed Hierarch St. John Chrysostom
25%
Ladder of Divine Ascent - Author St. John Climacus
20%
Bishops See Cathedral
9%
15th Century "Defender of the Faith" St. Mark of Ephesus
9%
Oil of Confirmation Chrysm
4%
Icon Screen Iconastasis
4%
Side Table Table of Oblation
3%
No matching quizzes found
Score Distribution
Percent of People with Each Score
Percentile by Number Answered
Your Score History
You have not taken this quiz